000 00288nam a2200121Ia 4500
008 190216s9999||||xx |||||||||||||| ||und||
100 _aMohammed V
245 0 _aIbadath Islamil
260 _b"Islamic Foundation Press, India"
300 _a42p
650 _aIslamic History
942 _cBK
999 _c21961
_d21961